000 00389nam a2200157Ia 4500
999 _c5943
_d5943
003 OSt
005 20191003113632.0
008 190906s9999||||xx |||||||||||||| ||und||
020 _a978-0821361542
040 _cmaju
100 _aTheodore H.Moran
245 0 _aInternational Political Risk Management
260 _aWashington
_bThe World Bank
_c2004
300 _a238
942 _cBK
_2ddc